000 00552nam a2200217Ia 4500
003 OSt
005 20221005131840.0
006 a|||||r|||| 00| 0
007 ta
008 221004b |||||||| |||| 00| 0 eng d
024 _a116387
037 _cTextual
040 _aCRL
_cCRL
_beng
041 _2eng
_aeng
100 _aPanday Shiv shankar
_9640194
245 0 _aSwatantrotar Hindi kahani
_b Kavya aur shilp
260 _c1978
650 _aHINDI LITERATURE
_923866
942 _cTEXL
_2cc
999 _c1061631
_d1061631